000 00623nam a2200193 a 4500
001 BRCA_68
005 20190320202853.0
008 920417s1982 mx-a---###---#000-0#spa-#
020 _a9685804931
040 _aDLC
_cDLC
050 4 _aAM148
_b.M33 1982
100 1 _aMadrid Jaime, Miguel Alfonso
_9309
245 1 0 _aManual de seguridad y vigilancia
_bpara uso en los museos
_cMiguel Alfonso Madrid Jaime.
260 _aMéxico
_bUNAM, Coordinación de Humanidades : CISM
_c1982
300 _a145 p.
_bil.
_c25 cm.
504 _aBibliografía: p. 139-145
650 1 4 _aMuseos
_vManuales
_xMedidas de seguridad
_9192
942 _2lcc
_cB
999 _c67
_d67